Statistiques concernant Capitales d'Asie - Quiz

Cliquez ici pour prendre le quiz!

Statistiques générales

  • Ce quiz a été pris 40 127 fois
  • Le résultat moyen est 30 sur 48

Statistiques - réponses

PaysCapitale% Correct
ChinePékin
95%
JaponTokyo
95%
Corée du SudSéoul
92%
IndeNew Delhi
89%
IsraëlJérusalem
88%
SingapourSingapour
85%
AfghanistanKaboul
84%
TurquieAnkara
83%
IrakBagdad
83%
IranTéhéran
80%
IndonésieJakarta
80%
Corée du NordPyongyang
78%
ThaïlandeBangkok
77%
SyrieDamas
73%
LibanBeyrouth
73%
KoweïtKoweït
73%
PhilippinesManille
72%
MongolieOulan-Bator
71%
Arabie saouditeRiyad
71%
ChypreNicosie
69%
PakistanIslamabad
67%
Viêt NamHanoï
67%
TaïwanTaipei
67%
Émirats arabes unisAbou Dabi
66%
MalaisieKuala Lumpur
65%
NépalKatmandou
65%
QatarDoha
63%
CambodgePhnom Penh
61%
ArménieErevan
61%
AzerbaïdjanBakou
59%
BangladeshDacca
58%
GéorgieTbilissi
58%
JordanieAmman
57%
KazakhstanNoursoultan
53%
LaosVientiane
52%
YémenSanaa
50%
MaldivesMalé
45%
OmanMascate
41%
OuzbékistanTachkent
40%
BahreïnManama
37%
KirghizistanBichkek
37%
Timor orientalDili
35%
BhoutanThimphou
32%
BruneiBandar Seri
Begawan
31%
TadjikistanDouchanbé
30%
BirmanieNaypyidaw
30%
TurkménistanAchgabat
30%
Sri LankaSri
Jayawardenepura
Kotte
29%

Distribution des résultats

Percentile par nombre de réponses

% des personnes avec chaque résultat

Votre développement - résultats

Vous n’avez pas pris ce quiz